LDR 01039naa#a2200181#i#450# 001 RU\\bibl\123414 005 20260706015026.1 011 ## _a1994-4683 100 ## _a20230731b2023####ek#y0rusy0150####ca 102 ## _aRU 200 1# _aФАКТОРЫ, ОПРЕДЕЛЯЮЩИЕ НЕОБХОДИМОСТЬ ПРИМЕНЕНИЯ УПРАЖНЕНИЙ ДЛЯ ДИНАМИЧЕСКОГО РАССЛАБЛЕНИЯ МЫШЦ У СПОРТСМЕНОВ-ГИРЕВИКОВ _eЖурнальная статья 210 1# _aМосква _cНациональный государственный Университет физической культуры, спорта и здоровья им. П.Ф. Лесгафта _d2023 215 ## _a4 с. 608 ## _aЖурнальная статья _2local 675 ## _aПрочие виды единоборства и тяжелой атлетики. 796.89 _z 700 #1 _aРуденко _gДенис Владимирович 700 #1 _aБолотин _gАлександр Эдуардович 856 4# _auchzapiski.lesgaft.spb.ru _u